[Event "Berlin Eckbauer op 4th"]
[Site "Berlin"]
[Date "2001.11.05"]
[Round "6"]
[White "Hunn, Nicole"]
[Black "Torzinski, Stefan"]
[Result "1-0"]
[WhiteElo "1355"]
[BlackElo "1580"]
[PlyCount "127"]
[EventDate "2001.10.??"]
[EventType "swiss"]
[EventRounds "7"]
[EventCountry "GER"]
[SourceTitle "EXT 2005"]
[Source "ChessBase"]
[SourceDate "2004.11.15"]
[SourceVersion "1"]
[SourceVersionDate "2004.11.15"]
[SourceQuality "1"]

1. d4 d5 2. Nf3 Nf6 3. Bf4 e6 4. Nbd2 c5 5. e3 Nc6 6. h3 Bd6 7. Bxd6 Qxd6 8. c4 cxd4 9. exd4 0-0 10. Be2 dxc4 11. Nxc4 Qb4+ 12. Qd2 Qxd2+ 13. Ncxd2 Rd8 14. Nb3 b6 15. 0-0 Bb7 16. Rfd1 Rac8 17. a3 Ne7 18. Rac1 Ned5 19. Ne5 Nf4 20. Bf1 Bd5 21. Rxc8 Rxc8 22. Rc1 Rxc1 23. Nxc1 Ne4 24. g3 Nh5 25. Bg2 Nef6 26. Ne2 Bxg2 27. Kxg2 Nd5 28. Nc3 Nhf6 29. Nc6 a5 30. Ne5 Nc7 31. Kf3 Nfd5 32. Ke4 Nxc3+ 33. bxc3 Nb5 34. c4 Nxa3 35. Kd3 b5 36. c5 b4 37. c6 Nb5 38. Kc4 Nc7 39. Nd7 Na6 40. Nc5 Nc7 41. Na4 Kf8 42. Kc5 Ke7 43. Kb6 Kd6 44. Nc5 Nd5+ 45. Kb7 f5 46. f4 h5 47. Nd3 b3 48. Ne5 Ne7 49. c7 Kd5 50. Ng6 Kxd4 51. Nxe7 b2 52. c8Q b1Q+ 53. Ka6 Qd3+ 54. Ka7 Qxg3 55. Qxe6 Qxh3 56. Nxf5+ Kc3 57. Qe5+ Kd2 58. Qxa5+ Qc3 59. Qd8+ Qd3 60. Qa5+ Qc3 61. Qxc3+ Kxc3 62. Nxg7 h4 63. f5 h3 64. Nh5 1-0

[Event "Berlin Eckbauer op 4th"]
[Site "Berlin"]
[Date "2001.10.22"]
[Round "4"]
[White "Schulze, Roland"]
[Black "Hunn, Nicole"]
[Result "1-0"]
[WhiteElo "1815"]
[BlackElo "1355"]
[PlyCount "40"]
[EventDate "2001.10.??"]
[EventType "swiss"]
[EventRounds "7"]
[EventCountry "GER"]
[SourceTitle "EXT 2005"]
[Source "ChessBase"]
[SourceDate "2004.11.15"]
[SourceVersion "1"]
[SourceVersionDate "2004.11.15"]
[SourceQuality "1"]

1. d4 Nf6 2. Nf3 d6 3. e3 a6 4. c4 g6 5. Nc3 Bg7 6. Be2 Nbd7 7. 0-0 0-0 8. b4 e5 9. a4 e4 10. Nd2 Re8 11. Qc2 Qe7 12. Ba3 c6 13. Rfc1 d5 14. cxd5 cxd5 15. b5 Qd8 16. Qb3 Nb8 17. Rab1 Be6 18. bxa6 bxa6 19. Qb7 Nc6 20. Qxc6 Bd7 1-0

[Event "Berlin Eckbauer op 4th"]
[Site "Berlin"]
[Date "2001.10.08"]
[Round "2"]
[White "Derz, Claus"]
[Black "Hunn, Nicole"]
[Result "0-1"]
[WhiteElo "1618"]
[BlackElo "1355"]
[PlyCount "106"]
[EventDate "2001.10.??"]
[EventType "swiss"]
[EventRounds "7"]
[EventCountry "GER"]
[SourceTitle "EXT 2005"]
[Source "ChessBase"]
[SourceDate "2004.11.15"]
[SourceVersion "1"]
[SourceVersionDate "2004.11.15"]
[SourceQuality "1"]

1. d4 Nf6 2. c4 g6 3. Nc3 Bg7 4. e4 d6 5. f4 0-0 6. Nf3 Bg4 7. h3 Bxf3 8. Qxf3 Nc6 9. d5 Nb4 10. Qd1 e6 11. Be2 Nd7 12. 0-0 a5 13. a3 Na6 14. Qc2 Ndc5 15. f5 Bd4+ 16. Kh1 Be5 17. Bf4 Bg7 18. fxg6 fxg6 19. Bg4 e5 20. Be3 Qh4 21. Kh2 h5 22. g3 Qe7 23. Be2 Nd7 24. g4 Nf6 25. g5 Nh7 26. h4 Nc5 27. Rf3 a4 28. Raf1 Nb3 29. Qd1 Nd4 30. Rxf8+ Nxf8 31. Nxa4 Rxa4 32. Bxd4 exd4 33. Qxa4 Qe5+ 34. Kh3 Qxe4 35. Bf3 Qf4 36. Bg2 Qe3+ 37. Rf3 Qg1 38. Qe8 d3 39. Qe3 Qd1 40. Qxd3 Qg1 41. Rf1 Qc5 42. Be4 Nd7 43. b4 Qb6 44. Qe2 Ne5 45. Kg2 Qd4 46. Bb1 Ng4 47. Rf3 Be5 48. Bxg6 Nh2 49. Qf2 Qg4+ 50. Kh1 Nxf3 51. Bd3 Bd4 52. Qf1 Qxh4+ 53. Kg2 Ne1+ 0-1